<?xml version="1.0" encoding="UTF-8"?>
<record
    xmlns:xsi="http://www.w3.org/2001/XMLSchema-instance"
    xsi:schemaLocation="http://www.loc.gov/MARC21/slim http://www.loc.gov/standards/marcxml/schema/MARC21slim.xsd"
    xmlns="http://www.loc.gov/MARC21/slim">

  <leader>00961nam a22002657a 4500</leader>
  <controlfield tag="001">22213</controlfield>
  <controlfield tag="005">20260421095334.0</controlfield>
  <controlfield tag="008">260410b        |||||||| |||| 00| 0 spa d</controlfield>
  <datafield tag="022" ind1=" " ind2=" ">
    <subfield code="a">03262774</subfield>
  </datafield>
  <datafield tag="041" ind1=" " ind2=" ">
    <subfield code="a">ESP</subfield>
  </datafield>
  <datafield tag="082" ind1=" " ind2=" ">
    <subfield code="a">HR 340 DIC 2024</subfield>
    <subfield code="b">PI</subfield>
  </datafield>
  <datafield tag="100" ind1=" " ind2=" ">
    <subfield code="a">,</subfield>
  </datafield>
  <datafield tag="110" ind1=" " ind2=" ">
    <subfield code="a">Pontificia Universidad Cat&#xF3;lica Argentina Santa Mar&#xED;a de los Buenos Aires</subfield>
  </datafield>
  <datafield tag="245" ind1=" " ind2=" ">
    <subfield code="a">Prudentia Iuris :</subfield>
    <subfield code="b">revista de la Facultad de Derecho de la Pontificia Universidad Cat&#xF3;lica Argentina Santa Mar&#xED;a de Buenos Aires</subfield>
  </datafield>
  <datafield tag="260" ind1=" " ind2=" ">
    <subfield code="a">Buenos Aires :</subfield>
    <subfield code="b">Universidad Cat&#xF3;lica Argentina,</subfield>
    <subfield code="c">2025</subfield>
  </datafield>
  <datafield tag="300" ind1=" " ind2=" ">
    <subfield code="a">344 p&#xE1;ginas :</subfield>
    <subfield code="b"> ;</subfield>
    <subfield code="c">23 cm.</subfield>
  </datafield>
  <datafield tag="440" ind1=" " ind2=" ">
    <subfield code="a"> ;</subfield>
  </datafield>
  <datafield tag="505" ind1=" " ind2=" ">
    <subfield code="a">N&#xFA;mero 98 Diciembre 2024</subfield>
  </datafield>
  <datafield tag="650" ind1=" " ind2=" ">
    <subfield code="a">CIS</subfield>
  </datafield>
  <datafield tag="653" ind1=" " ind2=" ">
    <subfield code="a">Derecho - Revista</subfield>
  </datafield>
  <datafield tag="654" ind1=" " ind2=" ">
    <subfield code="a">CDE</subfield>
  </datafield>
  <datafield tag="700" ind1=" " ind2=" ">
    <subfield code="a">; </subfield>
  </datafield>
  <datafield tag="856" ind1=" " ind2=" ">
    <subfield code="u">https://0u214xbmy-y-https-app-vlex-com.itmsp.museknowledge.com/search/jurisdiction:PE/prudentia+iuris+revista</subfield>
    <subfield code="z">V&#xE9;ase adem&#xE1;s: Base de datos Vlex</subfield>
  </datafield>
  <datafield tag="942" ind1=" " ind2=" ">
    <subfield code="c">REV</subfield>
    <subfield code="d">JUS</subfield>
    <subfield code="f">MIP</subfield>
    <subfield code="n">0</subfield>
    <subfield code="2">ddc</subfield>
  </datafield>
  <datafield tag="999" ind1=" " ind2=" ">
    <subfield code="c">22213</subfield>
    <subfield code="d">22213</subfield>
  </datafield>
  <datafield tag="952" ind1=" " ind2=" ">
    <subfield code="o">HR 340 DIC 2024 PI</subfield>
    <subfield code="p">1088305</subfield>
    <subfield code="8">UCSP</subfield>
    <subfield code="t">1</subfield>
    <subfield code="7">1</subfield>
    <subfield code="5">3</subfield>
    <subfield code="b">VAB</subfield>
    <subfield code="a">VAB</subfield>
    <subfield code="c">PBA</subfield>
    <subfield code="d">2026-04-10</subfield>
    <subfield code="e">1</subfield>
    <subfield code="3">P.U.C.A.S.M.B.A.</subfield>
    <subfield code="r">2026-04-10 11:10:00</subfield>
    <subfield code="l">0</subfield>
    <subfield code="w">2026-04-10</subfield>
    <subfield code="y">REV</subfield>
    <subfield code="1">0</subfield>
    <subfield code="2">ddc</subfield>
    <subfield code="4">0</subfield>
    <subfield code="0">1</subfield>
  </datafield>
</record>
